Publicum bonum privato est praeferendum – verejné dobro má mať prednosť pred súkromným bakalárska práca

Saved in:
Bibliographic Details
Main Author: Faltýnková, Natália
Corporate Author: Národohospodárska fakulta EU. Katedra ekonómie
Other Authors: Poláčková, Hana, 1968-
Format: Book
Language:Slovak
Published: Bratislava 2021
Tags: Add Tag
No Tags, Be the first to tag this record!

MARC

LEADER 00000nbm a2200000 4500
001 0275279
005 20220121143708.5
041 0 |a slo 
044 |a SK 
245 1 0 |a Publicum bonum privato est praeferendum – verejné dobro má mať prednosť pred súkromným  |b bakalárska práca  |c Natália Faltýnková ; školiteľ: Hana Poláčková 
264 1 |a Bratislava  |c 2021 
300 |a 60 s. 
100 1 |a Faltýnková, Natália 
700 1 |a Poláčková, Hana, 1968- 
710 2 |a Národohospodárska fakulta EU. Katedra ekonómie